00370 a2200145 4500003000400000005001700004008004100021040000900062082001900071100002100090245005900111250001200170260003200182300001000214OSt20240123142541.0240123b |||||||| |||| 00| 0 eng d coclc a297.124bASH/H aAshraf, T.K. Ali aHadees:bCharithravum Chaithanyavum /cT.K. Ali Ashraf a2nd ed. aCalicut:bIPB Books,c2023. a194p.